000 00744nam a22002297a 4500
003 UA-OsUOA
001 50311
007 ta
008 20071115b un ||||| |||| 00| 0 ukr d
090 _a340.1+35.078.3
_bП68
942 _cBK
040 _aUA-OsUOA
_brus
_cUA-OsUOA
_dUA-OsUOA
245 _aПравовое обеспечение информационной безопасности
_cС. Я. Казанцев
300 _a240 с.
955 _a2
041 _arus
080 _a340.1+35.078.3
020 _a978-5-7695-3635-9
260 _aМ.
_bАкадемия
_c2007
650 7 _a340 Право в цілому. Пропедевтика. Методи та допоміжні правничі науки
_2UDC
999 _c336411
_d336411